| 000 | 00780nam a2200253 a 4500 | ||
|---|---|---|---|
| 001 | 000012278 | ||
| 003 | DO-SdBNP | ||
| 005 | 20240530073927.0 | ||
| 007 | ta | ||
| 008 | 091110s1941 dr 000 f spa d | ||
| 040 |
_aDO-SdBNP _bspa _cBNPHU |
||
| 082 | 4 |
_aRD861.42 _bA973f _222 |
|
| 100 | 1 |
_aDonastorg, Tarquino, _d1906 -1989 _925139 |
|
| 245 | 1 | 0 |
_aFragmentos de mi ayer : _bpoesías / _cManuel de Js. Aybar |
| 260 |
_aSantiago : _bEl Diario, _c1941 |
||
| 300 |
_a53 p. ; _c19 cm. |
||
| 590 | _aLa biblioteca posee 2 ejemplares ortografíados por el autor. | ||
| 590 | _aInventariado, 2022 / DG | ||
| 650 | 0 |
_aNovela dominicana _9223 |
|
| 650 | 0 |
_aLiteratura dominicana. _967 |
|
| 700 | 1 |
_aRichiez Acevedo, Manuel A., _eprólogo _928922 |
|
| 910 | _aDG | ||
| 942 |
_2ddc _cLBS1 |
||
| 999 |
_c53080 _d53080 |
||